000 01241nam a22003497a 4500
003 CHAP
005 20220329140354.0
008 971013s1976 r 00010 d
010 _a51049
011 _a52021
035 _a56171
040 _cCHAP
090 _aTesis
100 0 0 _aRodríguez Quiros, Jorge Eduardo.
_998806
245 _aAnálisis de tiempo y costos en el desarrollo del proyecto de instalación de un aserradero en el Ejido "San Diego de Tenzaenz", en le Edo. de Durango
260 _aChapingo, Méx. :
_bEl autor,
_c1976
300 _a60 h.
502 _aTesis (Ing. Agr. Esp. en Bosques) -- ENA. Departamento de Bosques
590 _aALEPH
_b10
_c20130110
_lUCH01
_h1326
590 _aBATCH-UPD
_b10
_c20130110
_lUCH01
_h0726
590 _aBATCH-UPD
_b10
_c20130110
_lUCH01
_h2333
590 _aBATCH-UPD
_b10
_c20130410
_lUCH01
_h0410
590 _aBATCH-UPD
_b10
_c20130914
_lUCH01
_h2023
590 _aCONVERSION
_b10
_c20130109
_lUCH01
_h1328
650 1 4 _aAserraderos.
_97892
650 1 4 _aEjido San Diego de Tenzaenz, Dgo.
_935972
650 1 4 _aEjidos forestales
_zDurango.
_936053
901 _aBK
942 _cFOLL
949 _bBC
_cTES
_d-122835
_eTS1
_i56171
_si
949 _bBC
_cTES
_d-122836
_eTS2
_fc.2
_i56171
_si
999 _c51049
_d51049